ALTI KIRK DÖRT DALGASI (Record no. 1172954)

MARC details
000 -LEADER
sabit uzunluktaki kontrol alanı 00264nam a2200097Ia 4500
001 - KONTROL NUMARASI
kontrol alanı 1172954
005 - EN SON İŞLEMİN TARİH VE ZAMANI
kontrol alanı 20250827012605.0
008 - SABİT-UZUNLUKTA VERİ ÖĞELERİ--GENEL BİLGİ
sabit uzunluktaki kontrol alanı 250824s9999 xx 000 0 und d
245 #0 - ESER / YAZAR
ESER ADI ALTI KIRK DÖRT DALGASI
Yazar Adı BEHİÇ AK
260 ## - YAYIN, DAĞITIM, VB.
YAYIN EVİ GÜNIŞIGI KİTAPLIĞI YAYINLARI
Holdings
Düşüm durumu Kayıp durumu Hasar Durumu Ödünç verilmez Ana kütüphane Geçerli Kütüphane Edinilen tarih Toplam ödünç verme sayısı Barkod Son görüntüleme tarihi Fiyatın geçerli olmaya başladığı tarih Koha materyal türü
        TALHA BAYRAKÇI İMAM HATİP ORTAOKULU TALHA BAYRAKÇI İMAM HATİP ORTAOKULU 24.08.2025   10298769176 27.08.2025 27.08.2025 Books